| 000 | 01051cam a2200313 a 4500 | ||
|---|---|---|---|
| 001 | 1462127 | ||
| 003 | EG-ScBUE | ||
| 005 | 20220627123435.0 | ||
| 008 | 860929t1987 mau f b 001 0 eng d | ||
| 020 | _a9780838426951 | ||
| 020 | _a0838426956 | ||
| 040 |
_aDLC _beng _erda _cDLC _dDLC _dEG-ScBUE |
||
| 082 | 0 | 4 |
_a428.64 _222 _bMET |
| 245 | 0 | 0 |
_aMethodology in TESOL : _ba book of readings / _cMichael H. Long, Jack C. Richards, editors, University of Hawaii at Manoa. |
| 264 | 1 |
_aBoston, MA : _bHeinle, Cengage Learning, _c[1987] |
|
| 264 | 4 | _cc1987 | |
| 300 |
_ax, 421 pages ; _c24 cm |
||
| 336 |
_2rdacontent _atext _btxt |
||
| 337 |
_2rdamedia _aunmediated _bn |
||
| 338 |
_2rdacarrier _avolume _bnc |
||
| 504 | _aIncludes bibliographical references and index. | ||
| 650 | 7 |
_aEnglish language _xStudy and teaching _xForeign speakers. _2BUEsh _99108 |
|
| 651 | _2BUEsh | ||
| 653 | _bHHUUEENN | ||
| 655 |
_vReading book _934232 |
||
| 700 | 1 |
_aLong, Michael H., _eeditor. _99109 |
|
| 700 | 1 |
_aRichards, Jack C., _eeditor. _99110 |
|
| 942 |
_2ddc _cBB |
||
| 999 |
_c12844 _d12844 |
||